| Tag |
First Indicator |
Second Indicator |
Subfields |
| LEADER |
00000cam a2200000 a 4500 |
| 001 |
in00001404720 |
| 005 |
20151020062101.0 |
| 008 |
950908s1996 nyuab 001 0 eng |
| 010 |
|
|
|a 95041854
|
| 015 |
|
|
|a GB97-51077
|
| 020 |
|
|
|a 0385474415
|
| 035 |
|
|
|a (OCoLC)33162854
|
| 035 |
|
|
|9 AHP0687AM
|
| 040 |
|
|
|a DLC
|c DLC
|d TXA
|d UtOrBLW
|
| 043 |
|
|
|a n-usu--
|
| 049 |
|
|
|a TXAM
|
| 050 |
0 |
0 |
|a F209
|b .R43 1996
|
| 082 |
0 |
0 |
|a 975
|2 20
|
| 100 |
1 |
|
|a Reed, John Shelton.
|
| 245 |
1 |
0 |
|a 1001 things everyone should know about the South /
|c John Shelton Reed and Dale Volberg Reed.
|
| 246 |
3 |
|
|a One thousand and one things everyone should know about the South
|
| 250 |
|
|
|a 1st ed.
|
| 264 |
|
1 |
|a New York :
|b Doubleday,
|c [1996]
|
| 264 |
|
4 |
|c ©1996
|
| 300 |
|
|
|a viii, 310 pages :
|b illustrations, maps ;
|c 24 cm.
|
| 336 |
|
|
|a text
|b txt
|2 rdacontent
|
| 337 |
|
|
|a unmediated
|b n
|2 rdamedia
|
| 338 |
|
|
|a volume
|b nc
|2 rdacarrier
|
| 500 |
|
|
|a Includes index.
|
| 651 |
|
0 |
|a Southern States
|x Miscellanea.
|
| 651 |
|
0 |
|a Southern States
|x History
|x Miscellanea.
|
| 700 |
1 |
|
|a Reed, Dale Volberg.
|
| 999 |
|
|
|a MARS
|
| 999 |
f |
f |
|s cb19b7b7-a9d4-32ea-9007-d7eba52e8a40
|i 101564c4-c206-3198-b0d1-70d4389cf78d
|t 0
|
| 952 |
f |
f |
|p normal
|a Texas A&M University
|b College Station
|c Sterling C. Evans Library
|d Evans: Library Stacks
|t 0
|e F209 .R43 1996
|h Library of Congress classification
|i unmediated -- volume
|m A14823401599
|
| 998 |
f |
f |
|a F209 .R43 1996
|t 0
|l Evans: Library Stacks
|